Bbudhan Kathiyeriyunnu (Record no. 119913)

MARC details
000 -LEADER
fixed length control field 00434nam a2200133Ia 4500
008 - FIXED-LENGTH DATA ELEMENTS--GENERAL INFORMATION
fixed length control field 211119s9999||||xx |||||||||||||| ||und||
082 ## - DEWEY DECIMAL CLASSIFICATION NUMBER
Classification number 894.812 3
Item number DAS-B
100 ## - MAIN ENTRY--PERSONAL NAME
Personal name Das, P N
245 #0 - TITLE STATEMENT
Title Bbudhan Kathiyeriyunnu
260 ## - PUBLICATION, DISTRIBUTION, ETC.
Name of publisher, distributor, etc. Mathrubhumi Books
Place of publication, distribution, etc. Kottayam
Date of publication, distribution, etc. 2000
300 ## - PHYSICAL DESCRIPTION
Extent 144p
650 ## - SUBJECT ADDED ENTRY--TOPICAL TERM
Topical term or geographic name entry element Literature & rhetoric
942 ## - ADDED ENTRY ELEMENTS (KOHA)
Koha item type BOOK
650 ## - SUBJECT ADDED ENTRY--TOPICAL TERM
Form subdivision Literatures of other languagesAltaic, Uralic, Hyperborean & Dravidian Malayalam
General subdivision General Stack
Holdings
Withdrawn status Lost status Source of classification or shelving scheme Damaged status Not for loan Home library Current library Date acquired Cost, normal purchase price Total Checkouts Full call number Barcode Shelving location Date last seen Date last checked out Price effective from Koha item type
    Dewey Decimal Classification     SB LIBRARY SB LIBRARY 19/11/2021 110.00 2 894.8123 DAS-B 00133402 GENERAL STACK 10/07/2024 20/06/2024 19/11/2021 BOOK

Powered by Koha